Discurso inaugural leido en 31 de Enero de 1881 en la apertura de las sesiones de la Academia del Cuerpo de Sanidad Militar de Aragon / (Record no. 155332)

MARC details
000 -LEADER
campo de control de longitud fija 00722nam a22001695i 4500
001 - NÚMERO DE CONTROL
campo de control 155332
003 - IDENTIFICADOR DE NÚMERO DE CONTROL
campo de control ES-MaACL
005 - FECHA Y HORA DE LA ÚLTIMA TRANSACCIÓN
campo de control 20230906210033.0
008 - DATOS DE LONGITUD FIJA--INFORMACIÓN GENERAL
campo de control de longitud fija 970226s1881 sp |||| | spa d
040 ## - FUENTE DE CATALOGACIÓN
Centro catalogador/agencia de origen CLM
Lengua de catalogación spa
Centro/agencia transcriptor CCPB | SIC
100 1# - ENTRADA PRINCIPAL--NOMBRE DE PERSONA
Nombre de persona Hernández Poggio, Ramón.
9 (RLIN) 127903
245 10 - MENCIÓN DEL TÍTULO
Título Discurso inaugural leido en 31 de Enero de 1881 en la apertura de las sesiones de la Academia del Cuerpo de Sanidad Militar de Aragon /
Mención de responsabilidad, etc. por Ramon Hernandez Poggio.
260 ## - PUBLICACIÓN, DISTRIBUCIÓN, ETC.
Lugar de publicación, distribución, etc. Zaragoza :
Nombre del editor, distribuidor, etc. [s.n.],
Fecha de publicación, distribución, etc. 1881 (
Fabricante Imprenta del Hospicio Provincial)
300 ## - DESCRIPCIÓN FÍSICA
Extensión 27 p. ;
Dimensiones 23 cm.
710 2# - ENTRADA AGREGADA--NOMBRE DE ENTIDAD CORPORATIVA
Nombre de entidad corporativa o nombre de jurisdicción como elemento de entrada Academia del Cuerpo de Sanidad Militar de Aragón.
9 (RLIN) 134089
852 ## - LOCALIZACIÓN
Ubicación ES-MaACL
Número de control de estantería T-377-F-16
Nota libre -- Enc. hol.
-- -- Enc. en un vol. facticio
Holdings
Estatus retirado Estado de pérdida Estado de daño No para préstamo Colección Biblioteca de origen Biblioteca actual Ubicación en estantería Fecha de adquisición Total de préstamos Signatura topográfica completa Código de barras Visto por última vez Precio de reemplazo Tipo de ítem Koha
        Colección de folletos Biblioteca del Ateneo de Madrid Biblioteca del Ateneo de Madrid Depósito folletos 17/01/2008   T-377-F-16 1162484 23/02/2023 23/02/2023 Folleto